Normal view
MARC view
Entry Personal Name
001 - CONTROL NUMBER
- control field: 17332
003 - CONTROL NUMBER IDENTIFIER
- control field: ARRUPE
005 - DATE AND TIME OF LATEST TRANSACTION
- control field: 20150417160232.0
008 - FIXED-LENGTH DATA ELEMENTS
- fixed length control field: 150417|| aca||aabn | a|a d
040 ## - CATALOGING SOURCE
- Original cataloging agency: ARRUPE
- Transcribing agency: ARRUPE
100 ## - HEADING--PERSONAL NAME
- Personal name: Crowe, Martin Timothy,
- Dates associated with a name: 1914-
670 ## - SOURCE DATA FOUND
- Source citation: Work cat.: (ARRUPE)0: Crowe, Martin Timothy, 1914-, The moral obligation of paying just taxes, 1944.